Sociálna ekonomika v kontexte aktuálnych procesov na trhu práce
Sociálne podnikanie ako súčasť sociálnej ekonomiky. Sociálne podnikanie ako nástroj riešenia výziev súčasnosti. Nové technologické a inovačné zmeny s dopadom na ľudskú prácu.
Salvato in:
| Autore principale: | |
|---|---|
| Altri autori: | |
| Natura: | Capitolo di libro |
| Lingua: | slovacco |
| Soggetti: | |
| Tags: |
Nessun Tag, puoi essere il primo ad aggiungerne!!
|
MARC
| LEADER | 00000naa$a2200000$$$4500 | ||
|---|---|---|---|
| 001 | 0260473 | ||
| 005 | 20240502074126.9 | ||
| 041 | 0 | |a slo | |
| 044 | |a SK | ||
| 245 | 1 | 0 | |a Sociálna ekonomika v kontexte aktuálnych procesov na trhu práce |c Michal Hrnčiar, Eva Rievajová |
| 520 | |a Sociálne podnikanie ako súčasť sociálnej ekonomiky. Sociálne podnikanie ako nástroj riešenia výziev súčasnosti. Nové technologické a inovačné zmeny s dopadom na ľudskú prácu. | ||
| 610 | 2 | 0 | |a ekonomika sociálna |
| 610 | 2 | 0 | |a podnikanie sociálne |
| 610 | 2 | 0 | |a priemysel 4.0 |
| 610 | 2 | 0 | |a trh práce |
| 100 | 1 | |a Hrnčiar, Michal, 1994- | |
| 700 | 1 | |a Rievajová, Eva | |